| 000 | 00873nam a2200265Ia 4500 | ||
|---|---|---|---|
| 003 | OSt | ||
| 005 | 20220928112816.0 | ||
| 006 | a|||||r|||| 00| 0 | ||
| 007 | ta | ||
| 008 | 220927b |||||||| |||| 00| 0 hin d | ||
| 020 | _c9500 | ||
| 024 | _a117924 | ||
| 037 |
_b1892, 08/10/2012, Kiran Book Service _cReference Collections |
||
| 040 |
_aSDCL _cSDCL _bhin |
||
| 041 |
_2hin _ahin |
||
| 082 | _aO152,1M89k, Q2.1-6 RR | ||
| 100 | _aGautam Suresh | ||
| 245 | 0 | _aPrasad Sahitya Kosh 6V | |
| 260 |
_aNew Delhi _bDivyam Publications _c2012 |
||
| 300 |
_aV1-(652)p+V2-(472)p+V3-(551)p+V4-(534)p+V5-(508)+V6-(324)p _ccm. |
||
| 650 |
_aHindi _9391598 |
||
| 700 | _a Gautam Veena | ||
| 942 |
_hO152,1M89k, Q2.1-6 RR _cREF _2CC |
||
| 999 |
_c746515 _d746515 |
||